000
00296nam a22001097a 4500
008
160423b xxu||||| |||| 00| 0 eng d
020
_a
101133610110
041
_a
eng
080
_a
612.39
245
_a
Nutrition Concepts Controversies:
_c
Frances Sienkiewicz Sizer; Ellie Whitnery;
942
_2
udc
_c
BK
999
_c
1554
_d
1554